000 00454nam a2200181Ia 4500
001 10163
005 20260306161811.0
008 260306t1965||||xx |||||||||||||| ||spa||
041 _aESP
082 _a901
_bV62
100 _aVico
_eAUT
245 0 _aPrincipios de una ciencia nueva sobre la naturaleza común de las naciones
260 _c1965
300 _a210 páginas :
_c15 cm.
650 _aGEN
654 _aCHU
942 _cLIB
_dJUS
_fJUS
_2ddc
_n
999 _c10163
_d10163